<?xml version="1.0" encoding="UTF-8"?>
<record
    xmlns:xsi="http://www.w3.org/2001/XMLSchema-instance"
    xsi:schemaLocation="http://www.loc.gov/MARC21/slim http://www.loc.gov/standards/marcxml/schema/MARC21slim.xsd"
    xmlns="http://www.loc.gov/MARC21/slim">

  <leader>00234nam a2200097Ia 4500</leader>
  <controlfield tag="008">230915s9999    xx            000 0 und d</controlfield>
  <datafield tag="050" ind1=" " ind2=" ">
    <subfield code="a">HF 5657.4 .M 56 1991</subfield>
  </datafield>
  <datafield tag="100" ind1=" " ind2=" ">
    <subfield code="a">MINCH,ROLAND A.</subfield>
  </datafield>
  <datafield tag="245" ind1=" " ind2="0">
    <subfield code="a">MANAGERIAL ACCOUNTING</subfield>
  </datafield>
  <datafield tag="942" ind1=" " ind2=" ">
    <subfield code="c">BK</subfield>
  </datafield>
  <datafield tag="999" ind1=" " ind2=" ">
    <subfield code="c">83013</subfield>
    <subfield code="d">83013</subfield>
  </datafield>
  <datafield tag="952" ind1=" " ind2=" ">
    <subfield code="0">0</subfield>
    <subfield code="1">0</subfield>
    <subfield code="2">lcc</subfield>
    <subfield code="4">0</subfield>
    <subfield code="7">0</subfield>
    <subfield code="8">BUS</subfield>
    <subfield code="a">KSUL</subfield>
    <subfield code="b">KSUL</subfield>
    <subfield code="c">DISPLAY</subfield>
    <subfield code="d">2025-06-17</subfield>
    <subfield code="i">37380</subfield>
    <subfield code="l">0</subfield>
    <subfield code="o">HF 5657 M56 1991</subfield>
    <subfield code="p">004793</subfield>
    <subfield code="r">2023-09-15 11:36:00</subfield>
    <subfield code="t">C.1</subfield>
    <subfield code="w">2025-06-17</subfield>
    <subfield code="y">BK</subfield>
  </datafield>
</record>
